000 00549nam a2200205Ia 4500
005 20250508160452.0
008 008 250505s9999 xx 000 0 eng d
037 _aBooks to be hide in OPAC
040 _aFEDL
_beng
_cFEDL
041 _aeng
_2eng
084 _aB, SAN/O
_qFEDL
100 _aNeog Maheswar
245 0 _aSankaradeva
260 _aNew Delhi, India
_bNational Book Trust
_c1967
300 _a111p.
365 _aINR
_b20
490 _aNational Biography Series
942 _cHB
_hB, SAN/O
999 _c1364789
_d1364789